| 000 | 00717nam a2200205 a 4500 | ||
|---|---|---|---|
| 003 | 0 | ||
| 005 | 20250204140550.0 | ||
| 008 | 130829s19uu xx 00 eng d | ||
| 050 |
_aPGS LB 1062 _b.K49 2013 |
||
| 100 | _aKim, Sung Kyong. | ||
| 245 |
_aGender and study habits / _c Sung Kyong Kim. |
||
| 260 |
_aLas PiƱas City, Philippines : _bSouthville International School and Colleges, _c2013. |
||
| 300 |
_a24 p. : _bill. ; _c28 cm. |
||
| 504 | _aIncludes bibliographical references. | ||
| 650 |
_aStudy habits _vSex differences. |
||
| 650 |
_aStudy skills _vElementary school students. |
||
| 650 | _aGender differences in education. | ||
| 650 |
_aAcademic achievement _vStudy and teaching. |
||
| 942 |
_2lcc _cPASS |
||
| 999 |
_c99045 _d99045 |
||